ՀՀ Գիտությունների ազգային ակադեմիայի հիմնարար գիտական գրադարան  =   Fundamental Scientific Library of NAS RA

Սեւան : (Record no. 127971)

MARC details
000 -LEADER
fixed length control field 00722nam a2200205 u 4500
001 - CONTROL NUMBER
control field 000338466
003 - CONTROL NUMBER IDENTIFIER
control field AM-YeHGA
005 - DATE AND TIME OF LATEST TRANSACTION
control field 20250618072119.0
008 - FIXED-LENGTH DATA ELEMENTS--GENERAL INFORMATION
fixed length control field 040527s1926 ||| r 000 0 arm d
040 ## - CATALOGING SOURCE
Original cataloging agency AM-YeHGA
041 0# - LANGUAGE CODE
Language code of text/sound track or separate title arm
090 ## - LOCALLY ASSIGNED LC-TYPE CALL NUMBER (OCLC); LOCAL CALL NUMBER (RLIN)
-- 129335
245 00 - TITLE STATEMENT
Title Սեւան :
Remainder of title Երաժշտական ալմանախ : Հայ նորագույոն կօմպօզիտօրներ (20-րդ դար) : Հ. /
Statement of responsibility, etc. Խմբագիր՝ Ա. Երեմեան.
260 ## - PUBLICATION, DISTRIBUTION, ETC.
Place of publication, distribution, etc. Վենետիկ :
Name of publisher, distributor, etc. Ա. հ.,
Date of publication, distribution, etc. 1926.
300 ## - PHYSICAL DESCRIPTION
Extent Հ.
505 1# - FORMATTED CONTENTS NOTE
Miscellaneous information Հ. 1 (1926, 108, 48 էջ նոտա)
653 0# - INDEX TERM--UNCONTROLLED
Uncontrolled term Հայ երաժշտություն
700 1# - ADDED ENTRY--PERSONAL NAME
Personal name Երեմյան, Արամ Գարեգինի,
Dates associated with a name 1898-1972
Relator term խմբ.
Relationship edt
9 (RLIN) 3336
942 ## - ADDED ENTRY ELEMENTS (KOHA)
Source of classification or shelving scheme Universal Decimal Classification
Koha item type Գրքեր / Books
Holdings
Withdrawn status Lost status Damaged status Not for loan Collection Home library Current library Date acquired Serial enumeration / chronology Total checkouts Full call number Barcode Date last seen Copy number Price effective from Koha item type Public note
        Gulbenkian Individual Collection Fundamental Scientific Library Fundamental Scientific Library 22/12/2016 1   Gulb/959 901000959 22/12/2016 78(479.25)(09) 22/12/2016 Գրքեր / Books ILL Non-Circ.


ՀՀ ԳԱԱ հիմնարար գիտական գրադարան
ՀՀ,Երևան 0019
Մարշալ Բաղրամյան 24/6
հեռախոս:(374-10) 52-47-50
Հետադարձ կապ

All site content, except where otherwise noted, is licensed under a
Creative Commons License